000 01447cam a22003613a 4500
999 _c234715
_d234715
001 16928328
003 Nust
005 20170329163122.0
008 110819s1978 nyu 000 1 eng d
010 _a 2011487254
020 _a9780751542493
035 _a(OCoLC)ocm03856470
040 _aSLC
_cSLC
_dCSB
_dOCL
_dZP7
_dJBO
_dORX
_dTXRCL
_dDLC
042 _alccopycat
043 _an-us-ca
050 0 0 _aCPB Box no. 91 vol. 15
082 _a823
_bSTE
100 1 _aSteel, Danielle.
245 1 0 _aNow and forever /
_cDanielle Steel.
260 _aNew York :
_bDell Pub. Co.,
_c1978.
300 _a382 p. ;
_c18 cm.
490 0 _aA Dell book
520 _aA foolhardy affair threatens to ruin the seven-year marriage of Jessica and Ian Clarke.
650 0 _aAuthors
_vFiction.
650 0 _aFalse imprisonment
_vFiction.
651 0 _aSan Francisco (Calif.)
_vFiction.
655 7 _aLove stories.
_2gsafd
710 2 _aCopyright Paperback Collection (Library of Congress)
_5DLC
856 4 2 _3Publisher description
_uhttp://www.loc.gov/catdir/enhancements/fy1202/2011487254-d.html
856 4 1 _3Sample text
_uhttp://www.loc.gov/catdir/enhancements/fy1202/2011487254-s.html
856 4 2 _3Contributor biographical information
_uhttp://www.loc.gov/catdir/enhancements/fy1515/2011487254-b.html
906 _a7
_bcbc
_ccopycat
_d2
_encip
_f20
_gy-genrareb
942 _2ddc
_cBK